| 000 -LEADER |
| fixed length control field |
00343cam a22001097a 4500 |
| 008 - FIXED-LENGTH DATA ELEMENTS--GENERAL INFORMATION |
| fixed length control field |
180718b-- xxu||||| |||| 00| 0 eng d |
| 082 ## - DEWEY DECIMAL CLASSIFICATION NUMBER |
| Classification number |
A75 P969K |
| 245 ## - TITLE STATEMENT |
| Title |
Punjab district gazetteers: Kapurthala |
| 260 ## - PUBLICATION, DISTRIBUTION, ETC. |
| Place of publication, distribution, etc. |
Chandigarh |
| Name of publisher, distributor, etc. |
Revenue and Rehabilitation Department |
| Date of publication, distribution, etc. |
-- |
| 500 ## - GENERAL NOTE |
| General note |
Library also also supplement |
| 650 ## - SUBJECT ADDED ENTRY--TOPICAL TERM |
| Topical term or geographic name entry element |
Kapurthala - Gazetteers |